Manažment v medzinárodnom obchode s investičnými celkami diplomová práca

Guardado en:
Detalles Bibliográficos
Autor principal: Lysáková, Svetlana
Autor Corporativo: Obchodná fakulta EU. Katedra medzinárodného obchodu
Otros Autores: Pullmanová, Terézia, 1953-
Formato: Libro
Lenguaje:eslovaco
Publicado: Bratislava 2011
Etiquetas: Agregar Etiqueta
Sin Etiquetas, Sea el primero en etiquetar este registro!

MARC

LEADER 00000nam a2200000 4500
001 0147742
005 20240318124742.0
041 0 |a slo 
044 |a SK 
245 1 0 |a Manažment v medzinárodnom obchode s investičnými celkami  |b diplomová práca  |c Svetlana Lysáková ; školiteľ: Terézia Pullmanová 
264 1 |a Bratislava  |c 2011 
300 |a 70 s. 
100 1 |a Lysáková, Svetlana 
700 1 |a Pullmanová, Terézia, 1953- 
710 2 |a Obchodná fakulta EU. Katedra medzinárodného obchodu